Josef Hons - Milan Hlavačka - Zdeněk Maruna - Karel Zeithammer: Čtení o Severní dráze Ferdinandově

Bibliographic Details
Main Authors: Jandáček, Václav (Author), Hons, Josef, 1907-2001 (Author)
Format: Article
Language:Czech
Subjects:

MARC

LEADER 00000nab a2200000 a 4500
001 vtls000440843
003 SK-MaSNL
005 20260303165458.0
008 230120c1991 xo 0 cze
015 |a SNBRB19rr/mm-uuuuu 
035 |a CL0440973 
035 |a urn:nbn:sk:snk-ab2ko6 
035 |a (urnnbn)urn:nbn:sk:snk:ar-a02kne 
035 |a (uuid)deab96f1-a883-4cfb-9620-a5d999623d75 
040 |a SNKBUCL  |b slo  |c SNKBUCL  |e AACR2 
041 0 |a cze 
044 |a xo  |c SK 
080 |a 904:625.1  |2 1981 
080 |a 625.1  |2 1981 
080 |a 625.1(091)  |2 1981 
080 |a 656.21(091)  |2 1981 
100 1 |a Jandáček, Václav  |4 aut  |9 1191805 
245 1 0 |a Josef Hons - Milan Hlavačka - Zdeněk Maruna - Karel Zeithammer: Čtení o Severní dráze Ferdinandově  |c Václav Jandáček 
650 0 7 |a technické pamiatky  |2 snkbucl  |9 21763 
650 0 7 |a železnice  |2 snkbucl  |9 20511 
655 7 |a články z novín a časopisov  |2 snkbucl  |9 267496 
700 1 |a Hons, Josef,  |d 1907-2001  |4 aut  |9 223410 
773 0 |t Inženýrské stavby  |g Roč. 39, č. 10 (1991), s. 372 
787 0 8 |i Rec.:  |a Hons, Jozef  |t Čtení o Severní dráze Ferdinandově  |d Praha : Nakladatelství dopravy a spojů 
850 |a Slovenská národná knižnica v Martine  |a MTA001 
852 |a SNK  |b KIS3GCP 
954 |a odborná, vedecká literatúra cudzojazyčná (svetová)  |2 lita 
958 |a RK 
958 |a CZ 
958 |a OND 
958 |a EUIPO 
958 |a article2022 
992 |a RBX 
999 |c 2071931  |d 2073861